000
00230nam a2200097Ia 4500
005
20251222114346.0
008
251222s1900||||xx |||||||||||||| ||spa||
082
_a
DVD0060/S79
245
0
_a
Defendor: un héroe sin igual:
942
_c
DVD
999
_c
1033
_d
1033